书目信息 |
| 书名: | A dictionary of chemical equations | |
| 作者: | Editor : Albert F. Gilman, Jr. | |
| 分册号: | ||
| 分册名: | 出版地: | [S.l. : |
|
| 出版社: | s.n.] | |
| 出版时间: | 1956[reprint]. | |
| 页数: | 719 p. | |
| 开本: | ||
| 丛书名: | ||
| 中图分类号: | ||
| 科图分类号: | ||
| 其他分类号: | O6-041 | |
| 主题词: | ||
| 电子资源: | ||
| 000 | 00603nam 22000217n 450 | |
| 001 | 0200090238 | |
| 005 | 20070305142745.96 | |
| 008 | 991231m1956 u y d 000 0 | |
| 020 | @cCNY2.80. | |
| 041 | @aeng | |
| 050 | @aQD65@b.G5 1956 | |
| 090 | @aO6-61 | |
| 090 | @aO6-041 | |
| 099 | @dO6-041@ex15 | |
| 100 | 1 | @aGilman@cAlbert F.@q(Albert Franklin),@d1900- |
| 245 | 10 | @aA dictionary of chemical equations / @cEditor : Albert F. Gilman, Jr. |
| 260 | 1 | @a[S.l. :@bs.n.],@c1956[reprint]. |
| 300 | @a719 p. | |
| 500 | @aPhotolitho. | |
| 650 | 4 | @aChemical reactions. |
| 650 | 4 | @aChemical equations. |
| A dictionary of chemical equations / / Editor : Albert F. Gilman, Jr.-[S.l. : : s.n.], , 1956[reprint]. |
| 719 p. |
| Photolitho. |
| ISBN CNY2.80. |
| ● |
| 相关链接 |
|
|
|
|
正题名:A dictionary of chemical equations
索取号:O6-041/x15
 
预约/预借
| 序号 | 登录号 | 条形码 | 馆藏地/架位号 | 状态 | 备注 |
| 1 | 1827 | 300000344 | 第四借阅区/ [索取号:O6-041/x15] | 在馆 |